000 01308cam a22002891i 4500
003 SA-RiAUC
005 20241224092652.0
008 241219s1983 su g be f00100dara c
040 _aSA-JeALM
_bara
_cSA-RiAUC
_erda
082 0 4 _a250.3
_qSA-RiAUC
090 _a250.3
_bق ل ع
100 1 _aقلعه جي، محمد رواس،
_d1934-2014
_eمؤلف.
245 1 0 _aموسوعة فقه عثمان بن عفان /
_cبقلم محمد رواس قلعه جي.
250 _aالطبعة الأولى.
264 1 _aمكة المكرمة :
_bجامعة أم القرى، مركز البحث العلمي وإحياء التراث الإسلامي،
_c1983
300 _a366 صفحة ؛
_c24 سم.
336 _aنص
_btxt
_2rdacontent
_3كتاب
337 _aبدون وسيط
_bn
_2rdamedia
338 _aمجلد
_bnc
_2rdacarrier
490 0 _aمن التراث الإسلامي ؛
_v32
500 _aكشافات : صفحة 357-366.
504 _aيشتمل على إرجاعات ببليوجرافية.
600 0 7 _aعثمان بن عفان بن أبي العاص بن أمية،
_d47 قبل الهجرة-35 هجري
_xدين
_vدوائر معارف
_2aucnm
650 7 _aالفقه الإسلامي
_vدوائر معارف
_2aucsh
942 _2ddc
_cBOOK
_n0
949 _aSA-JeALM
_d241219
_uosman123
_n1
999 _c3902
_d3902